[Event "DEM U10 2017"]
[Site "Willingen GER"]
[Date "2017.06.09"]
[Round "9"]
[White "Greßler, Christian"]
[Black "Prizker, Maximilian"]
[Result "1-0"]
[Termination "normal"]
[Board "26"]
[WhiteElo "1198"]
[BlackElo "1016"]
[PlyCount "43"]
[WhiteFideId "16244907"]
[BlackFideId "16225686"]
[EventCountry "GER"]
[EventRounds "11"]
[EventType "swiss"]
[EventDate "2017.06.03"]

1. e4 c5 2. Nf3 d6 3. Bb5+ Nd7 4. O-O e6 5. Re1 Be7 6. c3 a6 7. Bd3 Ngf6 8. Bc2
b5 9. d4 c4 10. Nbd2 Bb7 11. Nf1 h6 12. Ng3 O-O 13. h3 Nb6 14. e5 Nfd5 15. Nh5
Qc7 16. Nf4 Rad8 17. Bd2 dxe5 18. Nxe5 Bf6 19. Nh5 Bxe5 20. dxe5 Nd7 21. Qg4 g5
22. Bxg5 1-0

[Event "DEM U10 2017"]
[Site "Willingen GER"]
[Date "2017.06.09"]
[Round "9"]
[White "Zinnikus, Elias"]
[Black "May, Alexander"]
[Result "1-0"]
[Termination "normal"]
[Board "27"]
[WhiteElo "776"]
[BlackElo "1112"]
[PlyCount "99"]
[WhiteFideId "16245024"]
[BlackFideId "16244974"]
[EventCountry "GER"]
[EventRounds "11"]
[EventType "swiss"]
[EventDate "2017.06.03"]

1. Nf3 Nf6 2. d4 d5 3. c4 e6 4. Nc3 Be7 5. Bg5 O-O 6. e3 Nbd7 7. Bd3 dxc4 8.
Bxc4 a6 9. O-O b5 10. Bd3 Bb7 11. Qc2 h6 12. Bh4 c5 13. Rfe1 cxd4 14. exd4 Rc8
15. Qe2 Re8 16. Ne4 Nxe4 17. Bxe4 Bxe4 18. Qxe4 Nf6 19. Qe5 Rc2 20. Rab1 Nd5
21. Bxe7 Qxe7 22. Re2 Rec8 23. Rxc2 Rxc2 24. Qb8+ Kh7 25. Qe5 Qc7 26. Qxc7 Nxc7
27. Kf1 Nd5 28. Ke1 Kg6 29. Nd2 Kf5 30. g3 Kg4 31. Ke2 Nb6 32. h3+ Kxh3 33. Kf3
Kh2 34. Nf1+ Kh3 35. Ne3 Rxf2+ 36. Kxf2 Kh2 37. Kf3 Nc4 38. Nxc4 bxc4 39. Rf1
f6 40. Re1 e5 41. dxe5 fxe5 42. Rxe5 g5 43. Re6 h5 44. Rh6 h4 45. gxh4 gxh4 46.
Rxh4+ Kg1 47. Rh3 a5 48. a4 c3 49. bxc3 Kf1 50. Rh1# 1-0

[Event "DEM U10 2017"]
[Site "Willingen GER"]
[Date "2017.06.09"]
[Round "9"]
[White "Fröhlich, Niklas"]
[Black "Althaus, Lennart"]
[Result "0-1"]
[Termination "normal"]
[Board "28"]
[WhiteElo "1023"]
[BlackElo "1161"]
[PlyCount "128"]
[WhiteFideId "16245016"]
[BlackFideId "16244923"]
[EventCountry "GER"]
[EventRounds "11"]
[EventType "swiss"]
[EventDate "2017.06.03"]

1. e4 c5 2. Nc3 d6 3. f4 g6 4. Nf3 Bg7 5. d3 Nc6 6. Be2 Nf6 7. O-O Bd7 8. Qe1
Nh5 9. Qh4 Bf6 10. Qf2 Bg7 11. Be3 a6 12. Rfe1 e6 13. d4 cxd4 14. Nxd4 Nf6 15.
Rad1 Qc7 16. Rd2 O-O 17. Nf3 Rfd8 18. Qh4 Be8 19. Na4 Qe7 20. Nb6 Rab8 21. e5
dxe5 22. Rxd8 Rxd8 23. fxe5 Nd5 24. Qxe7 Ndxe7 25. Bg5 h6 26. Be3 Nxe5 27. Nxe5
Bxe5 28. Bxh6 Bd4+ 29. Kh1 Bxb6 30. Bg5 Rd7 31. Rf1 Nf5 32. c3 Rd5 33. Bf6 Rd2
34. Bf3 Rxb2 35. Bxb7 Rxa2 36. Rc1 a5 37. c4 Bc5 38. g3 Rf2 39. Be5 Re2 40. Bf6
a4 41. Bf3 Rf2 42. Bd1 Rf1+ 43. Kg2 Ne3+ 44. Kh3 Rxd1 45. Rxd1 Nxd1 46. Ba1 a3
47. g4 a2 48. g5 Ba3 49. Kg4 Bb2 50. h4 Bxa1 51. h5 gxh5+ 52. Kxh5 f6+ 53. Kh6
fxg5 54. c5 Bg7+ 55. Kxg5 a1=Q 56. c6 Qf6+ 57. Kg4 Bxc6 58. Kh3 Bg2+ 59. Kg4
Bh3+ 60. Kg3 Qf2+ 61. Kxh3 Qg1 62. Kh4 Ne3 63. Kh3 Qg4+ 64. Kh2 Qg2# 0-1

[Event "DEM U10 2017"]
[Site "Willingen GER"]
[Date "2017.06.09"]
[Round "9"]
[White "Hubert, Nikita"]
[Black "Schott, Andy"]
[Result "1/2-1/2"]
[Termination "normal"]
[Board "29"]
[WhiteElo "957"]
[BlackElo "1143"]
[PlyCount "56"]
[WhiteFideId "16235754"]
[BlackFideId "16244940"]
[EventCountry "GER"]
[EventRounds "11"]
[EventType "swiss"]
[EventDate "2017.06.03"]

1. Nf3 d5 2. g3 Nf6 3. Bg2 e6 4. O-O Be7 5. b3 O-O 6. Bb2 b6 7. d4 Bb7 8. Nc3
Nbd7 9. e3 c5 10. Qd2 Rc8 11. Nb5 Ba6 12. a4 Ne4 13. Qc1 Nd6 14. c4 dxc4 15.
bxc4 cxd4 16. Nfxd4 Rxc4 17. Qb1 Bb7 18. Bxb7 Nxb7 19. Nxa7 Ndc5 20. Nac6 Qd7
21. Nxe7+ Qxe7 22. Ba3 Qc7 23. Nb5 Qb8 24. Rc1 Rxa4 25. Bb2 Rxa1 26. Bxa1 Rd8
27. Qb2 f6 28. Qc2 Rd7 1/2-1/2